000 00836nam a2200229 a 4500
001 80098
003 BD-RjUL
005 20220706143247.0
008 220706s2018 bg ||||| |||| 00| 0 ben d
020 _a9847000003522
035 _a(BD-RjUL)80098
040 _aBD-RjUL
_beng
_cBD-RjUL
041 _aben
082 _223
_a294.5
_bBHS 2018
100 _aভৌমিক, দুলাল
_94039
245 _aশতপথব্রাহ্মণ শুক্লযজুর্বেদীয় মাধ্যন্দিন শাখা /
_cদুলাল ভৌমিক
260 _aঢাকা :
_bজাতীয় সাহিত্য প্রকাশ,
_c২০১৮
300 _a৬৩ পৃ.;
_c২২ সেমি.
650 _aহিন্দুধর্ম
_94040
650 _aHinduism
_93241
942 _2ddc
_cBK
999 _c80098
_d80098